| 000 | 00776nam a22002417a 4500 | ||
|---|---|---|---|
| 005 | 20170124110050.0 | ||
| 010 | _aB-118580 | ||
| 020 |
_c195.00 _a9788124202975 |
||
| 035 | _aB-224857 | ||
| 037 | _bCen Lib/Ret | ||
| 040 |
_aDPL _bEN |
||
| 082 |
_a658.8 _bLEW |
||
| 100 |
_aLewis, Matthew _925211 |
||
| 245 |
_aIntroduction to international markeing : _cby Keith Lewis [and] Matthew Housden _bguide to going global / |
||
| 260 |
_aNew Delhi _bCrest publishing house _c2003 |
||
| 270 |
_bNew Delhi _aG-2,16 Ansari road Daryaganj _e110002 |
||
| 300 |
_av,186p. _c20cm(pbk) |
||
| 500 | _aIncludes index | ||
| 650 |
_aMarketing _96818 |
||
| 650 |
_aBusiness studies _925212 |
||
| 700 |
_925098 _aHousden, Matthew |
||
| 942 |
_2ddc _cEN _h658.8 _mLEW |
||
| 999 |
_c129045 _d129045 |
||